00847nas a2200253Ia 4500001001100000003000900011008004100020040001300061040001300074041001300087100004300100210001700143222001700160245009800177250001100275260004600286501008600332300001800418362003700436500003800473650003600511700001700547700002900564R020/B9521IT-RoPAU151124c99999999xx |||||||||||| ||und|| aIT-RoPAU cIT-RoPAU aITALIANO aAntony BriangCodice Aut. SPICS: 7739 aGRIFFITHIANA aGriffithiana aGRIFFITHIANA, ANNO 16-N.48/49 (OTTOBRE 1993)bMatto Come Una Volpe - la Saga di Charley Chase a1a ed. aGEMONA (UDINE)bCINETECA DEL FRIULIc1993 bPaulus - SPICS - Società San Paolo EM (non-commercial uses only)cCopyright2015 a14 p. [20-33] aANNO 016, N.48/49 (OTTOBRE 1993) aArticolo anche in Lingua Inglese. aCINEMAvPUBBLICAZIONE PERIODICA aEdmonds Andy gCodice Aut. SPICS: 7743